Fundamentals Of Surveying (Record no. 4501)

MARC details
000 -LEADER
fixed length control field 00343nam a22001457a 4500
008 - FIXED-LENGTH DATA ELEMENTS--GENERAL INFORMATION
fixed length control field 251118b |||||||| |||| 00| 0 eng d
020 ## - INTERNATIONAL STANDARD BOOK NUMBER
ISBN 9788120341982
100 ## - MAIN ENTRY--AUTHOR
Author R0Y,S.K.
245 ## - TITLE STATEMENT
Title Fundamentals Of Surveying
250 ## - EDITION STATEMENT
Edition statement 2nd ed.
260 ## - PUBLICATION, DISTRIBUTION, ETC. (IMPRINT)
Place of publication New Delhi
Name of publisher ROY,S.K.
Date of publication 2010
300 ## - COLLATION
Pagination xiii.606p.
942 ## - ADDED ENTRY ELEMENTS (KOHA)
Item type Books
050 ## - LIBRARY OF CONGRESS CALL NUMBER
Classification number TA545
Item number .R68
Holdings
Source of classification or shelving scheme Not for loan Permanent location Current location Date acquired Accession No. Full call number Barcode. Koha item type
Library of Congress Classification   Samuel Ogbemudia Main Library, University of Abuja Environmental Sciences Library 11/18/2025 2025/65412 TA545 .R69 2025-3288 Books